Literatura infantil y lenguaje literario

Tallennettuna:
Bibliografiset tiedot
Päätekijä: Sánchez Corral, Luis (Tekijä)
Aineistotyyppi: Kirja
Kieli:espanja
Julkaistu: Barcelona Paidós 1995
Sarja:Papeles de Pedagogía, 23
Aiheet:
Tagit: Lisää tagi
Ei tageja, Lisää ensimmäinen tagi!

MARC

LEADER 00000nam a2200000 a 4500
001 UCU2207
003 CL-VaPUC
008 960419e19950000SP |||||||||||||||||spa|d
082 0 4 |a 372.6  |b SAN  |2 21 
100 0 |a Sánchez Corral, Luis  |e author  |9 358218 
245 1 0 |a Literatura infantil y lenguaje literario 
300 |a 234 p 
942 |c BK 
945 |d 19960419 00:00:00  |a rleighto 
260 |a Barcelona  |b Paidós  |c 1995 
650 0 |a Literatura infantil   |9 307465 
650 7 |a LENGUA  |2 CL-VaPUC  |9 329614 
650 0 |a Métodos de enseñanza  |9 270413 
650 0 |a Aprendizaje   |9 254827 
650 0 |a Lingüística  |9 265068 
650 7 |a LENGUAJE LITERARIO  |2 CL-VaPUC  |9 330195 
583 |a last modification  |c 19960419 00:00:00  |k Rodrigo Vera 
490 0 |a Papeles de Pedagogía, 23 
999 |c 246576  |d 246574 
952 |0 0  |1 0  |4 0  |6 372_600000000000000_SAN_1995  |7 0  |8 A  |9 261670  |a BIBEDU  |b BIBEDU  |c ES_NOD  |d 2019-11-19  |i 3193195  |o 372.6 SAN 1995  |p 3193195  |r 2023-08-09  |w 2019-11-19  |y BK  |k EPE